000 01291nam0a22002891 4500
001 rc\3439686
005 20260407042113.0
021 _aRU
_b[69-29623]
035 _a(NLR Aleph) 007589710
090 _a5597929
_c5597929
100 _a20130115d1969 |||y0rusy50 ca
101 0 _arus
102 _aRU
105 _aab z |||||
200 1 _aГеология месторождений самородной серы
_e[Сборник статей]
_fПод ред. А.С. Соколова (отв. ред.) [и др.]
_gГос. науч.-исслед. ин-т горно-хим. сырья "ГИГХС"
210 _aМосква
_cНедра
_d1969
215 _a428 с., 1 л. табл.
_cил., карт.
_d22
320 _aБиблиогр. в конце статей
606 _aСерные месторождения
_xГеология
_jСборники
_2psbo
702 1 _4340
_7ca
_8rus
_aСоколов
_bА. С.
_cд-р геол.-минерал. наук
_f1913-2007
_gАндрей Сергеевич
_9109205
_3RU\NLR\AUTH\77126281
712 0 2 _aНИИ горнохимического сырья
_cЛюберцы
_9526515
_3RU\NLR\AUTH\8810014298
801 0 _aRU
_bNLR
_gpsbo
801 1 _aRU
_bELAR
_2rusmarc
852 _aNLR
_j69-5/2147
942 _cBOOK
980 _aNB